Trouve la map R6 - Statistiques

Statistiques générales
  • Ce quiz a été pris 8 fois
  • Le résultat moyen est 2 sur 15
Statistiques - réponses
Par images Réponse % Correct
rdc Banque
83%
rdc Consulat
50%
sous-sol Canal
33%
1er étage Clubhouse
17%
1er étage Forteresse
17%
2e étage Café dostoyevsky
17%
sous-sol Oregon
17%
1er étage Chalet
0%
1er étage Outback
0%
1er étage Parc d'attraction
0%
1er étage Villa
0%
rdc Frontière
0%
rdc Gratte-ciel
0%
rdc Littoral
0%
sous-sol Labo Nighthaven
0%
Aucun quiz correspondant
Distribution des résultats
% des personnes avec chaque résultat
Percentile par nombre de réponses
Votre historique - résultats
Vous n’avez pas pris ce quiz